000 00299nam a22001337a 4500
008 180912b xxu||||| |||| 00| 0 eng d
020 _a9780471456537
041 _aeng
080 _a510
100 _a36
101 _aMAT
245 _aFunctions Modelling Change
_cConnally, H.H
942 _2udc
_cBK
999 _c47717
_d47717